ბათუმის შოთა რუსთაველის სახელმწიფო უნივერსიტეტის ბიბლიოთეკა

მენეჯმენტი : (ბიბ.ჩანაწერი № 64085)

000 -ლიდერი
ფიქსირებული სიგრძის საკონტროლო ველი 00956nam a22002057a 4500
003 - საკონტროლო ნომრის იდენტიფიკატორი
საკონტროლო ველი Ge_BSU
005 - ბოლო ოპერაციის თარიღი და დრო
საკონტროლო ველი 20260327112041.0
008 - ფიქსირებული სიგრძის მონაცემთა ელემენტები - ზოგადი ინფორმაცია
ფიქსირებული სიგრძის საკონტროლო ველი 260327s1992 ge ||||| |||| 00| 0 geo d
041 ## - ენის კოდი
Language code of text/sound track or separate title geo
080 ## - უნივერსალური ათობითი კლასიფიკაციის ინდექსი
Universal Decimal Classification number 005(075.8) : 334.758 : 005.7 გ-74
100 ## - მთავარი ჩანაწერი - პიროვნების სახელი
Personal name გოცირიძე, მ.ვ.
9 (RLIN) 737
245 ## - ცნობა სათაურის შესახებ
Title მენეჯმენტი :
Remainder of title სამრეწველო ფირმის მართვის საფუძვლები. (ნაწ. 1) /
Statement of responsibility, etc მ.ვ. გოცირიძე; რედ. ს. სოსელია.
264 ## - წარმოების, გამოცემის, დისტრიბუციის და სხვა ცნობები
გამოცემის, წარმოების, დისტრიბუციის... ადგილი თბილისი :
გამოცემის, წარმოების, დისტრიბუციის... სახელწოდება ზედაშე,
გამოცემის, წარმოების, დისტრიბუციის... თარიღი 1992.
300 ## - ფიზიკური აღწერა
Extent 84 გვ.;
Other physical details 20 სმ.
504 ## - BIBLIOGRAPHY, ETC. NOTE
Bibliography, etc ბიბლიოგრ. გვ. 81-82
653 ## - INDEX TERM--UNCONTROLLED
Uncontrolled term მენეჯმენტი
653 ## - INDEX TERM--UNCONTROLLED
Uncontrolled term სამრეწველო ფირმის მენეჯმენტი
700 ## - ADDED ENTRY--PERSONAL NAME
Personal name სოსელია, ს.
Relator term რედაქტორი
9 (RLIN) 738
942 ## - ADDED ENTRY ELEMENTS (KOHA)
Source of classification or shelving scheme
Koha item type წიგნი
ეგზემპლარები
ჩამოწერის სტატუსი დაკარგული ეგზემპლარის სტატუსი კლასიფიკაციის წყარო ან თაროზე გაწყობის სქემა დაზიანების სტატუსი არ გაიცემა მუდმივი მდებარეობა (დაცვის ადგილი) ამჟამინდელი ადგილსამყოფელი თაროზე განთავსების ადგილი შეძენის თარიღი ღირებულება, შესყიდვის ნორმალური ფასი სრული შენახვის შიფრი შტრიხკოდი ბოლო ოპერაციის თარიღი ეგზემპლარის მიმდევრობითი ნომერი (კეტერი?) ფასის ძალაში შესვლის თარიღი ეგზემპლარის სახეობა საჯარო შენიშვნა
          ბათუმის შოთა რუსთაველის სახელმწიფო უნივერსიტეტის მთავარი ბიბლიოთეკა ბათუმის შოთა რუსთაველის სახელმწიფო უნივერსიტეტის მთავარი ბიბლიოთეკა წიგნსაცავი 2026-03-27 5.00 005(075.8) : 334.758 : 005.7 გ-74 74155 2026-03-27 74155 2026-03-27 წიგნი 5 ლ.